000 00333nam a22001337a 4500
008 181015b xxu||||| |||| 00| 0 eng d
020 _a187910542
041 _aeng
080 _a616
100 _a7
101 _apat
245 _aClinical Methods And Practicum In Soeech Lnaguage Pathology
_cHegde.M.N
942 _2udc
_cBK
999 _c49663
_d49663